NHL teams that have won a Stanley Cup-Sudden Death - Statistics

General Stats
  • This quiz has been taken 102 times
  • The average score is 15 of 22
Answers on the Grid
Answers color-coded by a green-red scale on the quiz's grid according to % correct below.
Anaheim Ducks
Boston Bruins
Buffalo Sabres
Calgary Flames
Carolina Hurricanes
Chicago Blackhawks
Colorado Avalanche
Columbus Blue Jackets
Dallas Stars
Detroit Red Wings
Edmonton Oilers
Florida Panthers
Los Angeles Kings
Minnesota Wild
Montreal Canadiens
Nashville Predators
New Jersey Devils
New York Islanders
New York Rangers
Ottawa Senators
Philadelphia Flyers
Pittsburgh Penguins
San Jose Sharks
Seattle Kraken
St Louis Blues
Tampa Bay Lightning
Toronto Maple Leafs
Utah Hockey Club
Vancouver Canucks
Vegas Golden Knights
Washington Capitals
Winnipeg Jets
 
Answer Stats
Answer % Correct
Boston Bruins
82%
Florida Panthers
77%
New York Rangers
77%
Anaheim Ducks
73%
Edmonton Oilers
73%
Montreal Canadiens
73%
New Jersey Devils
73%
Pittsburgh Penguins
73%
St Louis Blues
73%
Vegas Golden Knights
73%
Washington Capitals
73%
Carolina Hurricanes
68%
Chicago Blackhawks
68%
Colorado Avalanche
68%
Detroit Red Wings
68%
Los Angeles Kings
68%
New York Islanders
68%
Dallas Stars
64%
Philadelphia Flyers
64%
Tampa Bay Lightning
64%
Toronto Maple Leafs
64%
Calgary Flames
59%
No matching quizzes found
Score Distribution
Percent of People with Each Score
Percentile by Number Answered
Your Score History
You have not taken this quiz